| 000 | 00614nam a2200205 i 4500 | ||
|---|---|---|---|
| 001 | 89881 | ||
| 003 | ES-MaACL | ||
| 005 | 20230906180307.0 | ||
| 007 | t| | ||
| 008 | 050114s1986 sp ||||1| spa d | ||
| 020 | _a84-7639-023-8 | ||
| 100 | 1 |
_aLatorre, José María. _970533 |
|
| 245 | 1 | 0 |
_aSangre es el nombre del amor / _cJosé María Latorre. |
| 260 |
_aBarcelona : _bMontesinos, _c1986. |
||
| 300 |
_a242 p. ; _c20 cm. |
||
| 490 | 1 |
_aVisio Tundali. Contemporáneos ; _v74 |
|
| 830 | 0 |
_aVisio Tundali. Contemporáneos ; _v74 _9182782 |
|
| 852 |
_aES-MaACL _jL-11527 _bR.112835 |
||
| 999 |
_c89881 _d89881 |
||